Currently emerging promotional platforms

Bibliográfiai részletek
Szerző: Hollósi Ádám
További közreműködők: Szabó Dr. habil Zoltán
Dokumentumtípus: Diplomadolgozat
Kulcsszavak:Online marketing
Marketing
Influencer
Facebook
YouTube
Google
Közösségi média
Online Access:http://dolgozattar.uni-bge.hu/18289

MARC

LEADER 00000nta a2200000 i 4500
001 dolg18289
005 20200424044216.0
008 181130suuuu hu om 000 eng d
040 |a BGE Dolgozattár Repozitórium  |b hun 
041 |a en 
100 1 |a Hollósi Ádám 
245 1 0 |a Currently emerging promotional platforms  |c Hollósi Ádám  |h [elektronikus dokumentum] 
246 1 1 |a Napjaink új promóciós platformjai 
246 1 1 |a Currently emerging promotional platforms 
695 |a Online marketing 
695 |a Marketing 
695 |a Influencer 
695 |a Facebook 
695 |a YouTube 
695 |a Google 
695 |a Közösségi média 
700 1 |a Szabó Dr. habil Zoltán  |e ths 
856 4 0 |u http://dolgozattar.uni-bge.hu/18289/1/Currently%20Emerging%20Promotional%20Platforms.pdf  |z Dokumentum-elérés